laserluca - Quiz - Statistiken

Allgemein
  • Dieses Quiz wurde 156 mal gespielt
    128 seit der letzten Aktualisierung
  • Das Durchschnittsergebnis liegt bei 8 aus 10
Antwortstatistiken
Frage Antwort % Korrekt
Wie heißt eine Freundin von Luca, mit der er zahlreiche Videos und einen Podcast produziert? Sandra
97%
Wie heißt Lucas bereits erwähnter Podcast? Dick & Doof
96%
Wie heißt Lucas Zweitkanal? LUCREW
94%
Was ist Lucas bürgerlicher Zweitname? Tilo
92%
Wie lautet die Webadresse von Lucas Merchandise-Shop, die er häufig in seinen Videos wiederholt? luca-shop.de
90%
Welches Simulatorspiel spielt Luca aktuell auf seinem Zweitkanal? Supermarkt Simulator
89%
Luca wurde jüngst durch die bekannte Fernsehsendung "Verstehen Sie Spaß?" reingelegt. Was gaukelte man ihm vor? Dass er aufgrund von Graffitisprühen verhaftet wurde
85%
Aus welchem deutschen Bundesland stammt Luca? Nordrhein-Westfalen
67%
Welcher dieser Fakten über Luca stimmt nicht? Luca drehte im Jahr 2019 im Rahmen einer Charity-Aktion jeweils ein Video auf jedem der sieben Kontinente
59%
In welches Genre fällt Lucas erfolgreichstes Video? Vlog
34%
Keine übereinstimmenden Quizze gefunden
Verteilung der Resultate
Anzahl Personen mit jedem Resultat
Perzentil nach korrekt beantworteten Fragen
Ihre Resultats-Entwicklung
Sie haben dieses Quiz seit der letzten Aktualisierung nicht gespielt